LEADER 01527nam 2200517Ia 450 001 9910451581003321 005 20200520144314.0 010 $a0-8386-4465-1 035 $a(CKB)2550000000102711 035 $a(OCoLC)794493796 035 $a(CaPaEBR)ebrary10556403 035 $a(SSID)ssj0000648301 035 $a(PQKBManifestationID)12207843 035 $a(PQKBTitleCode)TC0000648301 035 $a(PQKBWorkID)10597044 035 $a(PQKB)10154184 035 $a(MiAaPQ)EBC3116429 035 $a(Au-PeEL)EBL3116429 035 $a(CaPaEBR)ebr10556403 035 $a(EXLCZ)992550000000102711 100 $a20050701d2006 uy 0 101 0 $aeng 135 $aurcn||||||||| 181 $ctxt 182 $cc 183 $acr 200 10$aZoos in postmodernism$b[electronic resource] $esigns and simulation /$fStephen Spotte 210 $aMadison [NJ] $cFairleigh Dickinson University Press$dc2006 215 $a1 online resource (208 p.) 300 $aBibliographic Level Mode of Issuance: Monograph 311 $a0-8386-4094-X 320 $aIncludes bibliographical references and indexes. 606 $aPostmodernism 606 $aZoos$xPhilosophy 608 $aElectronic books. 615 0$aPostmodernism. 615 0$aZoos$xPhilosophy. 676 $a590.73 700 $aSpotte$b Stephen$0892926 801 0$bMiAaPQ 801 1$bMiAaPQ 801 2$bMiAaPQ 906 $aBOOK 912 $a9910451581003321 996 $aZoos in postmodernism$92049855 997 $aUNINA